| 000 | 01422nam a2200217Ia 4500 | ||
|---|---|---|---|
| 003 | Ost | ||
| 005 | 20260507075021.0 | ||
| 008 | 260507s9999||||xx |||||||||||||| ||und|| | ||
| 040 | _cfsecg | ||
| 041 | _aara | ||
| 082 | _a364 | ||
| 100 |
_aالشاذلي، فتوح عبد الله _eمؤلف |
||
| 245 | 0 |
_aجرائم الإعتداء على الأشخاص والأموال / _c فتوح عبد الله الشاذلي |
|
| 260 |
_aالاسكندرية: _bدار المطبوعات الجامعية, _c2002 |
||
| 300 |
_a636 صفحة؛ _bإيضاحات ؛ _c24 سم |
||
| 520 | _aجرائم الاعتداء على الأشخاص- جرائم الإعتداء على الحياة- القتل العمد- القتل غير العمد - إسقاط الحوامل-جرائم الإعتداء عمدا على سلامة الجسم- جرائم الإعتداء غير العمد على سلامة الجسم- جرائم الإعتداء على العرض- الإغتصاب- هتك العرض- الزنا-الفعل الفاضح- الجرائم الماسة بالشرف والإعتبار-القذف- السب- البلاغ الكاذب- إفشاء السر المهني-جرائم الإعتداء على الأموال- السرقة-النصب- الخيانة الأمانة | ||
| 653 | _aالجرائم الجنسية | ||
| 653 | _aجرائم الأموال | ||
| 653 | _aجرائم السرقة | ||
| 942 | _cكتاب | ||
| 999 |
_c42279 _d42279 |
||